| 000 | 00840cam a2200277 a 4500 | ||
|---|---|---|---|
| 001 | 4001369 | ||
| 005 | 20180208032929.0 | ||
| 008 | 961129s1997 mau b 000 0 eng d | ||
| 010 | _a 96070570 | ||
| 020 | _a0961863641 | ||
| 035 | _a(OCoLC)36594766 | ||
| 040 |
_aCtH _cCtH _dDLC |
||
| 041 | _aeng | ||
| 042 | _alccopycat | ||
| 043 | _an-us--- | ||
| 080 | _a305.231 CHI | ||
| 082 | 0 | 0 |
_a305.231 CHI _221 |
| 100 | 1 | _a49 | |
| 101 | _aEDU | ||
| 245 | 1 | 0 |
_aYardsticks : _cChip Wood. |
| 504 | _aIncludes bibliographical references. | ||
| 906 |
_a7 _bcbc _ccopycat _d2 _eopcn _f19 _gy-gencatlg |
||
| 942 |
_2ddc _cBK |
||
| 999 |
_c42063 _d42063 |
||